Datum a čas kvízu

15 Celkem bodů Celkový počet nahraných bodů na tomto kvízu bez doplňovacích otázek.
8. Pořadí na kvízu Konečné umístění týmu na tomto kvízu.

Zaznamenané odpovědi

# Otázka Odpověď Body Výsledky
1. Ve čtvrtek se v pražské Sněmov... dalajláma (Tändzin Gjamccho) 0
2. Donald Trump v pátek, na Den n... Velký krásný zákon (Big Beautiful Bill) 0
3. Přehlídkou filmových hvězd na... Aňa Geislerová 0
4. Minulý týden jsme se dozvěděli... za Sandru Bullock 0
5. V sobotu odstartoval v Lille 1... Pavel Bittner 0
6. V tomto tématu se budeme zabýv... Pilsner Urquell 1
7. V reklamách společnosti Tipspo... stačí jen začít 0
8. Která česká tenistka si zahrál... Karolína Plíšková 1
9. Který tenista vytvořil několik... Novak Djoković 1
10. Ne vždy sportovci produktům, n... Coca-Cola 0